<?xml version="1.0" encoding="UTF-8"?>
<marc:record xmlns:marc="http://www.loc.gov/MARC21/slim">
   <marc:leader>00000nam a2200000 a 4500</marc:leader>
   <marc:datafield ind1="1" ind2=" " tag="100">
      <marc:subfield code="a">Szillat, Antje</marc:subfield>
      <marc:subfield code="4">aut</marc:subfield>
      <marc:subfield code="e">Verfasser/-in</marc:subfield>
   </marc:datafield>
   <marc:datafield ind1=" " ind2=" " tag="653">
      <marc:subfield code="a">Kinderbuch</marc:subfield>
   </marc:datafield>
   <marc:datafield ind1=" " ind2=" " tag="653">
      <marc:subfield code="a">Kinderbücher bis 11 Jahre</marc:subfield>
   </marc:datafield>
   <marc:datafield ind1="0" ind2="0" tag="245">
      <marc:subfield code="a">Drei Pferdefreundinnen - ein neuer Star im Sattel</marc:subfield>
   </marc:datafield>
   <marc:datafield ind1="0" ind2="0" tag="245">
      <marc:subfield code="c">Szillat, Antje</marc:subfield>
   </marc:datafield>
   <marc:datafield ind1=" " ind2="1" tag="264">
      <marc:subfield code="a">München</marc:subfield>
      <marc:subfield code="b">dtv</marc:subfield>
   </marc:datafield>
   <marc:datafield ind1="1" ind2=" " tag="490">
      <marc:subfield code="a">dtv junior</marc:subfield>
   </marc:datafield>
   <marc:datafield ind1=" " ind2=" " tag="250">
      <marc:subfield code="a">Originalausgabe</marc:subfield>
   </marc:datafield>
   <marc:datafield ind1="1" ind2=" " tag="520">
      <marc:subfield code="a">Angaben aus der Verlagsmeldung &#xD;
&#xD;
 &#xD;
&#xD;
  Drei Pferdefreundinnen – Ein neuer Star im Sattel Szillat,Pferdefreundinnen 3 / von Antje Szillat &#xD;
&#xD;
 &#xD;
&#xD;
  &#xD;
Nelly, Kata und Mila ermitteln&#xD;
 &#xD;
&#xD;
 &#xD;
Nelly, Kata und Mila schweben im siebten Himmel: Sie dürfen ein Filmteam zu einem Außendreh begleiten! Ein ganzes Wochenende sollen sie die Filmpferde betreuen. Doch am Set wartet jede Menge Arbeit auf die Mädchen und dann tobt auch noch ein Konkurrenzkampf zwischen den beiden Hauptdarstellerinnen. Als sich eine bei einem Sturz vom Pferd schwer verletzt, muss Ersatz her. Kata sieht ihr ähnlich – und wird plötzlich zum neuen Filmstar im Sattel. Doch die Freundinnen glauben nicht an einen Unfall und kommen einem dunklen Geheimnis auf die Spur.</marc:subfield>
   </marc:datafield>
   <marc:datafield ind1=" " ind2=" " tag="020">
      <marc:subfield code="a">9783423762397</marc:subfield>
      <marc:subfield code="9">9783423762397</marc:subfield>
   </marc:datafield>
   <marc:datafield ind1=" " ind2=" " tag="020">
      <marc:subfield code="a">342376239X</marc:subfield>
      <marc:subfield code="9">342376239X</marc:subfield>
   </marc:datafield>
   <marc:datafield ind1=" " ind2=" " tag="041">
      <marc:subfield code="a">ger</marc:subfield>
   </marc:datafield>
   <marc:datafield ind1="1" ind2=" " tag="521">
      <marc:subfield code="a">Kind</marc:subfield>
   </marc:datafield>
   <marc:datafield ind1=" " ind2=" " tag="338">
      <marc:subfield code="a">Band</marc:subfield>
   </marc:datafield>
   <marc:datafield ind1=" " ind2=" " tag="300">
      <marc:subfield code="a">142 Seiten</marc:subfield>
   </marc:datafield>
</marc:record>
